Statistics for The Gettysburg Address

Click here to take the quiz!

General Stats

  • This quiz has been taken 2,675 times
  • The average score is 13 of 18

Answer Stats

Answer % Correct
conceived in liberty, and dedicated to the proposition that all men are created {equal}
99%
Now we are engaged in a great {civil} war, testing whether that nation,
94%
as a final {resting} place for those who here gave their lives that that nation might live.
92%
The brave men, living and {dead}, who struggled here, have consecrated it, far above our poor power to add or detract.
89%
Four score and seven years ago our fathers brought forth on this {continent} a new nation,
87%
The world will little note, nor long {remember} what we say here, but it can never forget what they did here.
85%
and that government of the {people}, by the {people}, for the {people},
84%
We are met on a great {battle-field} of that war. We have come to dedicate a portion of that field,
82%
shall not {perish} from the earth.
77%
or any nation, so conceived and so dedicated, can long {endure}.
75%
But, in a larger sense, we can not dedicate, we can not {consecrate}, we can not hallow this ground.
71%
It is altogether fitting and {proper} that we should do this.
67%
It is rather for us to be here dedicated to the great {task} remaining before us—
64%
that this nation, under God, shall have a new birth of {freedom}—
62%
It is for us the living, rather, to be dedicated here to the unfinished {work} which they who fought here have thus far so nobly advanced.
56%
for which they gave the last full measure of {devotion}—
50%
that from these {honored} dead we take increased devotion to that cause
43%
that we here highly {resolve} that these dead shall not have died in vain—
39%

Score Distribution

Percentile by Number Answered

Percent of People with Each Score

Your Score History

You have not taken this quiz